000 00418nam a2200169Ia 4500
008 230917s9999||||xx |||||||||||||| ||und||
020 _cS11.95
040 _e9989
_aMAIN
041 _aEnglish
082 _a519.54 F536S
100 _aFisher, Rohald A
245 0 _aStatistical methods and scientific inference
250 _a3rd ed.
260 _aNew York
_bHafner
_c1973
300 _aviii, 180 p.
942 _cBK
999 _c193348
_d193348